ENGINEERING CHEMISTRY (Record no. 216608)

MARC details
000 -LEADER
fixed length control field 00504nam a22001937a 4500
008 - FIXED-LENGTH DATA ELEMENTS--GENERAL INFORMATION
fixed length control field 260224b |||||||| |||| 00| 0 eng d
020 ## - INTERNATIONAL STANDARD BOOK NUMBER
International Standard Book Number 978-93-8934-00-5
050 ## - LIBRARY OF CONGRESS CALL NUMBER
Classification number QD 31.2 K75 2023
Item number 1
100 ## - MAIN ENTRY--PERSONAL NAME
Personal name KRISHNAMURTHY, N.
245 ## - TITLE STATEMENT
Title ENGINEERING CHEMISTRY
250 ## - EDITION STATEMENT
Edition statement FOURTH EDITION
260 ## - PUBLICATION, DISTRIBUTION, ETC.
Place of publication, distribution, etc. PHI LEARNING
Name of publisher, distributor, etc. ASOKE K. GHOSH
Date of publication, distribution, etc. 2023
300 ## - PHYSICAL DESCRIPTION
Extent INDEX
500 ## - GENERAL NOTE
General note IV, 223
650 ## - SUBJECT ADDED ENTRY
Topical term or geographic name entry element ENGINEERING CHEMISTRY
700 ## - ADDED ENTRY--PERSONAL NAME
Personal name KRISHNAMURTHY N.
942 ## - ADDED ENTRY ELEMENTS (KOHA)
Source of classification or shelving scheme Library of Congress Classification
Koha item type Long Loan Book
Holdings
Withdrawn status Lost status Source of classification or shelving scheme Damaged status Not for loan Collection Home library Current library Shelving location Date acquired Inventory number Total checkouts Full call number Barcode Date last seen Copy number Price effective from Koha item type
    Library of Congress Classification     Science & Technology Kisii University Library Kisii University Library On Display 02/24/2026 111868   QD 31.2 K75 2023 A000762 02/24/2026 C.1 02/24/2026 Long Loan Book
    Library of Congress Classification     Science & Technology Kisii University Library Kisii University Library On Display 02/24/2026 111869   QD 31.2 K75 2023 A000761 02/24/2026 C.2 02/24/2026 Long Loan Book
    Library of Congress Classification     Science & Technology Kisii University Library Kisii University Library On Display 02/24/2026 111870   QD 31.2 K75 2023 A000757 02/24/2026 C.3 02/24/2026 Long Loan Book
    Library of Congress Classification     Science & Technology Kisii University Library Kisii University Library On Display 02/24/2026 111871   QD 31.2 K75 2023 A000764 02/24/2026 C.4 02/24/2026 Long Loan Book